Institutional constraints to land delivery for low income housing (Record no. 103888)
[ view plain ]
| 000 -LEADER | |
|---|---|
| fixed length control field | 01483cam a2200265 4500 |
| 001 - CONTROL NUMBER | |
| control field | L128322 |
| 008 - FIXED-LENGTH DATA ELEMENTS--GENERAL INFORMATION | |
| fixed length control field | 041216n2005 000 0 eng u |
| 020 ## - INTERNATIONAL STANDARD BOOK NUMBER | |
| International Standard Book Number | 1842192116 |
| 022 ## - INTERNATIONAL STANDARD SERIAL NUMBER | |
| International Standard Serial Number | 1464-648X |
| 035 ## - SYSTEM CONTROL NUMBER | |
| System control number | (Sirsi) u128322 |
| 041 ## - LANGUAGE CODE | |
| Language code of text/sound track or separate title | eng |
| 100 ## - MAIN ENTRY--PERSONAL NAME | |
| Personal name | Chipungu, Lovemore |
| 110 ## - MAIN ENTRY--CORPORATE NAME | |
| Corporate name or jurisdiction name as entry element | Royal Institution of Chartered Surveyors |
| Subordinate unit | Foundation |
| 9 (RLIN) | 4173 |
| 245 ## - TITLE STATEMENT | |
| Title | Institutional constraints to land delivery for low income housing |
| Remainder of title | a case study of Harare, Zimbabwe |
| Medium | [electronic resource] |
| 260 ## - PUBLICATION, DISTRIBUTION, ETC. | |
| Place of publication, distribution, etc. | London |
| Name of publisher, distributor, etc. | RICS Foundation |
| Date of publication, distribution, etc. | 2005 |
| 300 ## - PHYSICAL DESCRIPTION | |
| Extent | 28p. |
| 490 ## - SERIES STATEMENT | |
| Series statement | RICS Foundation Our Common Estate Series |
| 520 ## - SUMMARY, ETC. | |
| Summary, etc. | This paper, focusing on third world countries, looks at some of the major challenges that urban managers have faced in trying to house the low-income segment of the population. It draws examples mainly from Zimbabwe. The author argues that the institutional problems bedevilling low-income housing schemes in Zimbabwe also apply to a large extent to other developing countries. Concludes with how best the beneficiaries can be taken aboard in the planning of low-income housing schemes, a challenge many central and local authorities are still coming to terms with. |
| 590 ## - LOCAL NOTE (RLIN) | |
| Local note | IKA040705 |
| 650 ## - SUBJECT ADDED ENTRY--TOPICAL TERM | |
| Topical term or geographic name entry element | HARARE |
| 690 ## - LOCAL SUBJECT ADDED ENTRY--TOPICAL TERM (OCLC, RLIN) | |
| Topical term or geographic name as entry element | Residential property |
| 9 (RLIN) | 6266 |
| 700 ## - ADDED ENTRY--PERSONAL NAME | |
| Personal name | Antwi, Adarkwah |
| 856 ## - ELECTRONIC LOCATION AND ACCESS | |
| Uniform Resource Identifier | <a href="https://www.rics.org/Global/Downloads/InstitutionalConstraints200501.pdf">https://www.rics.org/Global/Downloads/InstitutionalConstraints200501.pdf</a> |
| Public note | View the report free of charge at www.rics-foundation.org... |
| 942 ## - ADDED ENTRY ELEMENTS (KOHA) | |
| Suppress in OPAC | 0 |
| Withdrawn status | Lost status | Source of classification or shelving scheme | Damaged status | Not for loan | Home library | Current library | Shelving location | Date acquired | Total Checkouts | Full call number | Barcode | Date last seen | Copy number | Price effective from | Koha item type |
|---|---|---|---|---|---|---|---|---|---|---|---|---|---|---|---|
| Dewey Decimal Classification | Virtual | Virtual | Online | 14/06/2005 | ONLINE PUBLICATION | 128322-2001 | 06/08/2019 | 1 | 06/08/2019 | Book |